000 00564nam a22001817a 4500
005 20170908151910.0
010 _aENG-120242
020 _a9788184654561
_c150.00
035 _aEN-103774
037 _bDBAD/PUB
082 _a204
245 _aInterfaith spirtuality :
_cedited by Ambrogio Bongiovanni...[et.al.]
_bthe power of confluence /
260 _aDelhi
_bISPCK
_c2014
270 _a1584,1654,Madarsa Road,Kahmere Gate
_bDelhi
_e110006
300 _axi,109p.
_c22cm.(pbk)
700 _aBongiovanni,Ambrogio
942 _2ddc
_cEN
_h204
_mINT
999 _c144218
_d144218